| 000 | 00631nam a2200229Ia 4500 | ||
|---|---|---|---|
| 008 | 160303s9999 xx 000 0 und d | ||
| 020 | _a0-07-145234-6 | ||
| 050 | _aMAIN HD 31 | ||
| 050 | _b.M37 2005 | ||
| 100 | _aMartin, Chuck | ||
| 245 | _aTough management : | ||
| 245 | _bthe 7 ways to make tough decisions easier, deliver the numbers, and grow business in good times and bad / | ||
| 245 | _cChuck Martin. | ||
| 260 | _aNew York : | ||
| 260 | _bMcGraw-Hill. | ||
| 260 | _c2005 | ||
| 300 | _a200 pages : | ||
| 300 | _billustrations ; | ||
| 300 | _c24 cm. | ||
| 500 | _aIncludes index. | ||
| 650 | _aManagement. | ||
| 999 |
_c291075 _d291075 |
||